Statistiques concernant Pokémon de type Insecte - Gen 1 à 9

Cliquez ici pour prendre le quiz!

Statistiques générales

  • Ce quiz a été pris 1 457 fois
    (612 depuis la dernière actualisation)
  • Le résultat moyen est 74 sur 94

Statistiques - réponses

Pokémon% Correct
Chenipan
99%
Chrysacier
99%
Papilusion
99%
Aspicot
98%
Dardargnan / Méga-Dardargnan
98%
Coconfort
97%
Papinox
96%
Armulys
95%
Charmillon
95%
Chenipotte
95%
Insécateur
95%
Blindalys
94%
Cizayox / Méga-Cizayox
94%
Cheniselle
93%
Cheniti
93%
Scarabrute / Méga-Scarabrute
92%
Manternel
91%
Papilord
91%
Scarhino / Méga-Scarhino
91%
Aéromite
90%
Couverdure
90%
Larveyette
90%
Migalos
90%
Mimigal
90%
Mimitoss
90%
Apireine
88%
Apitrini
88%
Arakdo
88%
Coxy
88%
Coxyclaque
88%
Paras
88%
Parasect
88%
Pyrax
87%
Maskadra
86%
Prismillon
86%
Pyronille
86%
Chrysapile
85%
Lucanon
85%
Larvibule
84%
Munja
84%
Pérégrain
84%
Ningale
83%
Ninjask
83%
Lépidonille
82%
Scobolide
82%
Venipatte
82%
Arceus (Plaque Insecte)
81%
Brutapode
81%
Genesect
78%
Mygavolt
77%
Pomdepik
77%
Statitik
77%
Astronelle
76%
Foretress
76%
Araqua
75%
Mouscoto
74%
Tarenbulle
74%
Lançargot
73%
Silvallié (ROM Insecte)
73%
Yanma
73%
Yanmega
73%
Armaldo
72%
Cancrelove
72%
Coléodôme
72%
Escargaume
72%
Limaspeed
72%
Larvadar
71%
Anorith
70%
Carabing
70%
Mélokrik
70%
Tissenboule
70%
Crabaraque
69%
Crabicoque
69%
Crikzik
69%
Fermite
69%
Sovkipou
68%
Lumivole
67%
Muciole
67%
Sarmuraï
67%
Gambex
66%
Caratroc
65%
Rapion
65%
Beldeneige
64%
Scolocendre
64%
Filentrappe
62%
Frissonille
62%
Grillepattes
62%
Rubombelle
60%
Bombydou
59%
Lilliterelle
59%
Hachécateur
58%
Léboulérou
53%
Rampe-Ailes
52%
Bérasca
50%

Distribution des résultats

Percentile par nombre de réponses

% des personnes avec chaque résultat

Votre développement - résultats

Vous n’avez pas pris ce quiz depuis la dernière actualisation